| 000 | 00879cam a2200301 4500 | ||
|---|---|---|---|
| 001 | M1876 | ||
| 008 | 090401t1995 xxu||||| |||| 00| 0 eng d | ||
| 035 | _a(Sirsi) u35006 | ||
| 041 | _aeng | ||
| 050 | _a336.21 | ||
| 110 |
_aValuation Office _9264 |
||
| 245 | _aNon-domestic rating - 1995 revaluation: public houses. | ||
| 260 |
_aLondon _bValuation Office _c1995 |
||
| 300 | _a(13)p. ; 30cm. | ||
| 350 | _a0 | ||
| 520 | _aAgreed between the Brewers and Licensed Retailers Association and the Valuation Office Agency. | ||
| 650 | _aRATING REVALUATION 1995 | ||
| 650 | _aBREWERIES | ||
| 650 | _aDRY TRADE | ||
| 650 | _aNON DOMESTIC RATING | ||
| 650 | _aPUBLIC HOUSES | ||
| 650 |
_aValuation _96273 |
||
| 650 | _aWET TRADE | ||
| 690 | _aRATING AND VALUATION | ||
| 710 |
_aBrewers and Licensed Retailers Association _93487 |
||
| 942 | _n0 | ||
| 948 | _c04/03/1997 | ||
| 999 |
_c90020 _d90020 |
||